[Event "Oberliga Bayern 2122"]
[Site "Bayern"]
[Date "2022.06.26"]
[Round "3.8"]
[White "Dalinger, Valeri"]
[Black "Pitschka, Claus"]
[Result "1/2-1/2"]
[WhiteElo "2222"]
[BlackElo "2140"]
[PlyCount "130"]
[EventDate "2021.10.24"]
[EventType "team-tourn"]
[EventRounds "9"]
[EventCountry "GER"]
[SourceTitle "EXT 2024"]
[Source "ChessBase"]
[SourceDate "2023.10.10"]
[SourceVersion "1"]
[SourceVersionDate "2023.10.10"]
[SourceQuality "1"]
[WhiteTeam "Bindlach Aktionaer"]
[BlackTeam "Garching"]
[WhiteTeamCountry "GER"]
[BlackTeamCountry "GER"]

1. d4 d5 2. c4 c6 3. Nf3 Nf6 4. Nc3 dxc4 5. a4 Bf5 6. e3 e6 7. Bxc4 Bb4 8. 0-0 Nbd7 9. Qe2 0-0 10. Rd1 Ne4 11. Nxe4 Bxe4 12. Nd2 Bc2 13. Rf1 Bg6 14. Nb3 c5 15. d5 Nb6 16. Bd2 exd5 17. Bxb4 dxc4 18. Nxc5 Nd5 19. Qxc4 Nxb4 20. Qxb4 Qe7 21. Rac1 b6 22. Na6 Qxb4 23. Nxb4 Rfd8 24. f3 f6 25. Rfd1 Be8 26. b3 Bf7 27. Rxd8+ Rxd8 28. Rc3 Rd1+ 29. Kf2 g5 30. Nc6 Rd2+ 31. Kf1 Rb2 32. Nd4 h5 33. h3 h4 34. e4 Kg7 35. Rc7 Kg6 36. Rc3 Rb1+ 37. Kf2 Rb2+ 38. Kg1 Rb1+ 39. Kh2 Rb2 40. Rd3 Rb1 41. Rc3 Rb2 42. Re3 Rd2 43. Nc6 Rb2 44. Ne7+ Kg7 45. Nd5 Kg6 46. Rd3 Be6 47. f4 gxf4 48. Nxf4+ Kf7 49. Nd5 f5 50. exf5 Bxf5 51. Rc3 Be4 52. Ne3 Ke6 53. Rc4 Ke5 54. Ng4+ Kf5 55. Ne3+ Kf4 56. Nd5+ Ke5 57. Ne3 Re2 58. Ng4+ Kf5 59. Kg1 Rxg2+ 60. Kf1 Rg3 61. Nf2 Bg2+ 62. Ke2 Kg5 63. Rc7 a5 64. Rc4 Kh5 65. b4 Bxh3 1/2-1/2

[Event "Oberliga Bayern 1920"]
[Site "Bayern"]
[Date "2020.03.01"]
[Round "7.6"]
[White "Dalinger, Valeri"]
[Black "Schimpf, Markus"]
[Result "0-1"]
[WhiteElo "2215"]
[BlackElo "2207"]
[PlyCount "114"]
[EventDate "2019.10.20"]
[EventType "team-tourn"]
[EventRounds "9"]
[EventCountry "GER"]
[SourceTitle "EXT 2021"]
[Source "ChessBase"]
[SourceDate "2020.10.23"]
[SourceVersion "1"]
[SourceVersionDate "2020.10.23"]
[SourceQuality "1"]
[WhiteTeam "Bindlach Aktionaer"]
[BlackTeam "Garching II"]
[WhiteTeamCountry "GER"]
[BlackTeamCountry "GER"]

1. d4 d5 2. c4 c6 3. Nf3 Nf6 4. Qb3 dxc4 5. Qxc4 Bf5 6. Nc3 e6 7. g3 Nbd7 8. Bg2 Be7 9. 0-0 0-0 10. Rd1 Bc2 11. e3 Bxd1 12. Nxd1 Qc7 13. Nc3 e5 14. e4 exd4 15. Nxd4 Ne5 16. Qe2 Rad8 17. Nf5 Rfe8 18. Bg5 h6 19. Bf4 Bc5 20. h3 Qa5 21. Bxe5 Rxe5 22. Kh2 Bb4 23. Qc2 Bxc3 24. bxc3 Qa3 25. Rb1 Rd7 26. f4 Rc5 27. Rb3 Qa6 28. e5 Ne8 29. Qf2 Ra5 30. Bf1 Rxa2 31. Bxa6 Rxf2+ 32. Kg1 Rc2 33. Bf1 b6 34. Nd4 Rc1 35. Kf2 Rc7 36. Bg2 c5 37. Ne2 Rd1 38. c4 Rd2 39. Bd5 Rd7 40. Bc6 Re7 41. Ke3 Rd8 42. Nc3 f6 43. Nd5 Re6 44. Bxe8 Rexe8 45. Ke4 Kf7 46. g4 Re6 47. h4 Rde8 48. Ra3 a5 49. Rf3 fxe5 50. f5 Rd6 51. g5 hxg5 52. hxg5 g6 53. Rh3 gxf5+ 54. Kxf5 Kg7 55. Nf6 Rh8 56. Re3 Kf7 57. Rxe5 Rxf6+ 0-1

[Event "Oberliga Bayern 1920"]
[Site "Bayern"]
[Date "2020.01.19"]
[Round "5.7"]
[White "Costa, Leonardo"]
[Black "Dalinger, Valeri"]
[Result "1/2-1/2"]
[WhiteElo "2002"]
[BlackElo "2215"]
[PlyCount "78"]
[EventDate "2019.10.20"]
[EventType "team-tourn"]
[EventRounds "9"]
[EventCountry "GER"]
[SourceTitle "EXT 2021"]
[Source "ChessBase"]
[SourceDate "2020.10.23"]
[SourceVersion "1"]
[SourceVersionDate "2020.10.23"]
[SourceQuality "1"]
[WhiteTeam "Muenchen Suedost"]
[BlackTeam "Bindlach Aktionaer"]
[WhiteTeamCountry "GER"]
[BlackTeamCountry "GER"]

1. e4 e5 2. Nf3 Nc6 3. d4 exd4 4. Nxd4 Nf6 5. Nc3 Bb4 6. Nxc6 bxc6 7. Bd3 0-0 8. 0-0 d5 9. exd5 cxd5 10. h3 Be6 11. Qf3 Rb8 12. Bf4 Bd6 13. Bxd6 Qxd6 14. b3 c5 15. Rad1 Qc7 16. Ne2 c4 17. Bf5 Bxf5 18. Qxf5 Rfe8 19. Qf3 cxb3 20. cxb3 Qc2 21. Nc3 Ne4 22. Nxd5 Nd2 23. Qg4 f5 24. Nf6+ Kf7 25. Qf4 Red8 26. Rc1 Qb2 27. Qc7+ Kg6 28. Nd5 h6 29. Rc6+ Kh7 30. Nf6+ Kh8 31. Qf4 Qd4 32. Qxf5 Qd3 33. Qxd3 Rxd3 34. Re1 gxf6 35. Re7 Rg8 36. Rcc7 Rgd8 37. Rh7+ Kg8 38. Rcf7 Ne4 39. Rhg7+ Kh8 1/2-1/2

[Event "Landesliga Nord 1112"]
[Site "Bayern"]
[Date "2012.02.05"]
[Round "6.1"]
[White "Dalinger, Valeri"]
[Black "Van Ginkel, Pieter"]
[Result "1/2-1/2"]
[WhiteElo "2204"]
[BlackElo "2119"]
[PlyCount "87"]
[EventDate "2011.10.02"]
[EventType "team-tourn"]
[EventRounds "9"]
[EventCountry "GER"]
[SourceTitle "EXT 2013"]
[Source "ChessBase"]
[SourceDate "2012.11.22"]
[SourceVersion "1"]
[SourceVersionDate "2012.11.22"]
[SourceQuality "1"]
[WhiteTeam "Bindlach II"]
[BlackTeam "Nuernberg Sued SW"]
[WhiteTeamCountry "GER"]
[BlackTeamCountry "GER"]

1. Nf3 d5 2. d4 Nf6 3. c4 e6 4. Nc3 c5 5. e3 Nc6 6. a3 a6 7. cxd5 exd5 8. Be2 c4 9. 0-0 Bd6 10. b3 b5 11. bxc4 bxc4 12. a4 0-0 13. Ba3 Bxa3 14. Rxa3 Qd6 15. Ra1 Rb8 16. Qc2 Nb4 17. Qd2 Nc6 18. Rfd1 Bf5 19. Nh4 Bd7 20. e4 dxe4 21. Bxc4 Rb4 22. Bxa6 Rxd4 23. Nb5 Rxd2 24. Nxd6 Rxd1+ 25. Rxd1 Ne7 26. Bb5 Be6 27. g3 Rd8 28. Rd2 Ned5 29. Nc4 Rc8 30. Ng2 Nc3 31. Nge3 g6 32. Rc2 Nxb5 33. axb5 Kf8 34. Kf1 Ke7 35. Ke1 Nd5 36. Kd2 Nb4 37. Rc3 Rb8 38. b6 Nd5 39. Nxd5+ Bxd5 40. Ne3 Be6 41. Rc6 Kd7 42. Rc7+ Kd8 43. Rc6 Kd7 44. Rc7+ 1/2-1/2

[Event "Landesliga Nord 1011"]
[Site "Bayern"]
[Date "2010.11.14"]
[Round "3.2"]
[White "Dalinger, Valeri"]
[Black "Loos, Roland"]
[Result "1/2-1/2"]
[WhiteElo "2204"]
[BlackElo "2301"]
[PlyCount "65"]
[EventDate "2010.10.10"]
[EventType "team-tourn"]
[EventRounds "9"]
[EventCountry "GER"]
[SourceTitle "EXT 2012"]
[Source "ChessBase"]
[SourceDate "2011.11.24"]
[SourceVersion "1"]
[SourceVersionDate "2011.11.24"]
[SourceQuality "1"]
[WhiteTeam "Bindlach II"]
[BlackTeam "Neutraubling"]
[WhiteTeamCountry "GER"]
[BlackTeamCountry "GER"]

1. d4 Nf6 2. Bg5 Ne4 3. Bf4 c5 4. f3 Qa5+ 5. c3 Nf6 6. dxc5 Qxc5 7. e4 Nc6 8. Qd2 e6 9. Na3 a6 10. Nc4 d5 11. Be3 Qe7 12. Nb6 Rb8 13. exd5 Nxd5 14. Nxd5 exd5 15. Ne2 Be6 16. Nd4 Qc7 17. Nxc6 bxc6 18. Bf4 Bd6 19. Bxd6 Qxd6 20. Bxa6 c5 21. Bd3 0-0 22. 0-0 Qb6 23. Rf2 Rfd8 24. Re1 c4 25. Bc2 g6 26. f4 Qxb2 27. f5 Bxf5 28. Rxf5 gxf5 29. Qg5+ Kf8 30. Qe7+ Kg8 31. Qg5+ Kf8 32. Qh6+ Kg8 33. Qg5+ 1/2-1/2

[Event "Regionalliga NW 0910"]
[Site "Bayern"]
[Date "2010.02.07"]
[Round "6.3"]
[White "Lechleitner, Walter"]
[Black "Dalinger, Valeri"]
[Result "1-0"]
[WhiteElo "2001"]
[BlackElo "2186"]
[PlyCount "99"]
[EventDate "2009.10.18"]
[EventType "team-tourn"]
[EventRounds "9"]
[EventCountry "GER"]
[SourceTitle "EXT 2011"]
[Source "ChessBase"]
[SourceDate "2010.11.26"]
[SourceVersion "1"]
[SourceVersionDate "2010.11.26"]
[SourceQuality "1"]
[WhiteTeam "Kronach"]
[BlackTeam "Bindlach II"]
[WhiteTeamCountry "GER"]
[BlackTeamCountry "GER"]

1. d4 Nf6 2. c4 e6 3. Nc3 d5 4. Bg5 Be7 5. e3 h6 6. Bh4 0-0 7. Nf3 b6 8. cxd5 exd5 9. Rc1 Be6 10. Bd3 c5 11. 0-0 Nc6 12. Bb1 Rc8 13. Qc2 g6 14. Qe2 c4 15. Rcd1 Re8 16. h3 Nh5 17. Bxe7 Qxe7 18. g4 Nf6 19. Ne5 h5 20. f3 Kg7 21. Kg2 hxg4 22. hxg4 Nxe5 23. dxe5 Nd7 24. f4 Rh8 25. Rh1 Rh4 26. Rxh4 Qxh4 27. Rh1 Qxg4+ 28. Qxg4 Bxg4 29. Nxd5 Be6 30. e4 Rc5 31. Rd1 Rb5 32. Ne3 Rxb2+ 33. Kf3 Rb5 34. Kg3 Nc5 35. f5 Bd7 36. Nxc4 Rb4 37. Nd6 Bc6 38. Kf4 gxf5 39. Nxf5+ Kh7 40. Rh1+ Kg8 41. Ne7+ Kf8 42. Nxc6 Ne6+ 43. Ke3 Rb5 44. Nxa7 Rxe5 45. Nc8 b5 46. Nd6 Nd8 47. Bd3 b4 48. Bc4 Rc5 49. Rf1 Rc7 50. Nxf7 1-0

[Event "BL2-Ost 0708"]
[Site "Germany"]
[Date "2008.03.09"]
[Round "7.8"]
[White "Mueller, Frank1"]
[Black "Dalinger, Valeri"]
[Result "1-0"]
[WhiteElo "2238"]
[BlackElo "2292"]
[PlyCount "79"]
[EventDate "2007.10.21"]
[EventType "team-tourn"]
[EventRounds "9"]
[EventCountry "GER"]
[SourceTitle "EXT 2009"]
[Source "ChessBase"]
[SourceDate "2008.11.26"]
[SourceVersion "1"]
[SourceVersionDate "2008.11.26"]
[SourceQuality "1"]
[WhiteTeam "Leipzig Mitte"]
[BlackTeam "Bindlach II"]
[WhiteTeamCountry "GER"]
[BlackTeamCountry "GER"]

1. Nf3 c5 2. c4 Nc6 3. d4 cxd4 4. Nxd4 Nf6 5. g3 e6 6. Bg2 Bb4+ 7. Bd2 Qb6 8. Nxc6 dxc6 9. 0-0 Bxd2 10. Qxd2 0-0 11. Qc3 e5 12. c5 Qc7 13. e4 Bg4 14. f3 Be6 15. Nd2 Rfd8 16. f4 exf4 17. gxf4 Bg4 18. Rf2 Nh5 19. e5 Bf5 20. Ne4 Bxe4 21. Bxe4 Qe7 22. Qe3 Rd7 23. Bc2 Re8 24. b4 g6 25. Re1 Qh4 26. f5 Qd4 27. e6 Qxe3 28. Rxe3 fxe6 29. fxg6 Rg7 30. Rg2 hxg6 31. Rxg6 Nf4 32. Rxg7+ Kxg7 33. Kf2 Kf6 34. Be4 Rh8 35. b5 e5 36. bxc6 bxc6 37. Bxc6 Rxh2+ 38. Kf3 Rh3+ 39. Ke4 Rxe3+ 40. Kxe3 1-0

[Event "Landesliga Nord 0506"]
[Site "Bayern"]
[Date "2006.03.12"]
[Round "8.1"]
[White "Kraeussling, Andreas"]
[Black "Dalinger, Valeri"]
[Result "1/2-1/2"]
[WhiteElo "2133"]
[BlackElo "2271"]
[PlyCount "40"]
[EventDate "2005.10.23"]
[EventType "team-tourn"]
[EventRounds "9"]
[EventCountry "GER"]
[SourceTitle "EXT 2007"]
[Source "ChessBase"]
[SourceDate "2006.11.23"]
[SourceVersion "1"]
[SourceVersionDate "2006.11.23"]
[SourceQuality "1"]

1. d4 Nf6 2. Nf3 e6 3. Bf4 c5 4. e3 Nc6 5. Nbd2 Be7 6. h3 d5 7. c3 Bd6 8. Bxd6 Qxd6 9. Bd3 0-0 10. 0-0 e5 11. dxe5 Nxe5 12. Nxe5 Qxe5 13. Nf3 Qe7 14. a3 a5 15. c4 dxc4 16. Bxc4 Bd7 17. Qe2 Bc6 18. Bb5 Bd5 19. Bc4 Bc6 20. Bb5 Bd5 1/2-1/2

[Event "Landesliga Nord 0506"]
[Site "Bayern"]
[Date "2005.12.11"]
[Round "4.2"]
[White "Albrecht, Hans"]
[Black "Dalinger, Valeri"]
[Result "1/2-1/2"]
[WhiteElo "2138"]
[BlackElo "2271"]
[PlyCount "120"]
[EventDate "2005.10.23"]
[EventType "team-tourn"]
[EventRounds "9"]
[EventCountry "GER"]
[SourceTitle "EXT 2007"]
[Source "ChessBase"]
[SourceDate "2006.11.23"]
[SourceVersion "1"]
[SourceVersionDate "2006.11.23"]
[SourceQuality "1"]

1. e4 c5 2. Nf3 d6 3. d4 cxd4 4. Nxd4 Nc6 5. g3 Nf6 6. Bg2 e5 7. Ne2 Be7 8. c4 0-0 9. Nbc3 Ne8 10. 0-0 f5 11. b3 Nf6 12. exf5 Bxf5 13. Nd5 Nxd5 14. Qxd5+ Kh8 15. Be3 Rc8 16. Qd2 Qd7 17. Nc3 Qe6 18. Nb5 a6 19. Nc3 Rce8 20. Ne4 Qg6 21. f3 h6 22. Rad1 Bxe4 23. fxe4 Rxf1+ 24. Rxf1 Rf8 25. Rxf8+ Bxf8 26. a3 Be7 27. Qd3 Bg5 28. Bf2 Bc1 29. b4 Bb2 30. b5 Nd4 31. a4 Qg4 32. bxa6 bxa6 33. c5 dxc5 34. Qxa6 Qd7 35. Bf1 Nf3+ 36. Kg2 Ng5 37. Qa8+ Kh7 38. Bc4 Bd4 39. Bxd4 cxd4 40. Qf8 d3 41. Qf5+ Qxf5 42. exf5 d2 43. Bb3 Ne4 44. Kf3 Nc3 45. a5 e4+ 46. Ke3 d1Q 47. Bxd1 Nxd1+ 48. Kd2 Nb2 49. a6 Nc4+ 50. Ke2 g6 51. a7 Nb6 52. f6 Kg8 53. Ke3 Kf7 54. Kxe4 Kxf6 55. Kd4 Ke6 56. Kc5 Na8 57. Kc6 Ke7 58. g4 g5 59. Kd5 Nc7+ 60. Kc6 Na8 1/2-1/2

[Event "BL2-Ost 0304"]
[Site "Germany"]
[Date "2004.??.??"]
[Round "?.6"]
[White "Dalinger, Valeri"]
[Black "Roos, Michael"]
[Result "1/2-1/2"]
[WhiteElo "2350"]
[BlackElo "2410"]
[PlyCount "129"]
[EventDate "2003.10.??"]
[EventType "team-tourn"]
[EventRounds "8"]
[EventCountry "GER"]
[SourceTitle "CBM 100 Extra"]
[Source "ChessBase"]
[SourceDate "2004.07.06"]
[SourceVersion "2"]
[SourceVersionDate "2004.07.06"]
[SourceQuality "1"]
[WhiteTeam "Bindlach"]
[BlackTeam "Dresden SC"]
[WhiteTeamCountry "GER"]
[BlackTeamCountry "GER"]

1. Nf3 c5 2. e4 d6 3. d3 Nc6 4. Nbd2 g6 5. g3 Bg7 6. Bg2 e5 7. 0-0 Nge7 8. a4 0-0 9. Nc4 h6 10. Nfd2 Be6 11. f4 exf4 12. gxf4 d5 13. Ne3 f5 14. Nb3 b6 15. exd5 Nxd5 16. a5 Nxe3 17. Bxe3 Rc8 18. axb6 axb6 19. c3 Bd5 20. Nc1 Ne7 21. Ra7 Re8 22. Bd2 Qd6 23. Re1 Bxg2 24. Kxg2 Nd5 25. Rxe8+ Rxe8 26. Qf3 Re7 27. Rxe7 Nxe7 28. Qa8+ Kf7 29. Qf3 Bf6 30. h3 Kg7 31. Kf1 Qe6 32. Qe2 Qd5 33. Qg2 g5 34. Qxd5 Nxd5 35. fxg5 hxg5 36. c4 Ne7 37. b4 Nc6 38. bxc5 bxc5 39. Nb3 Be7 40. Be3 Ne5 41. Bxc5 Bxc5 42. Nxc5 Kf6 43. Ke2 g4 44. hxg4 fxg4 45. Ne4+ Kf5 46. Ke3 Nc6 47. d4 Na5 48. Ng3+ Ke6 49. Kd3 Kd6 50. Kc3 Nc6 51. Ne4+ Kc7 52. d5 Ne5 53. c5 Ng6 54. Kd4 Nf4 55. Ng3 Ng2 56. Ke5 Ne1 57. Ke6 Nd3 58. d6+ Kc6 59. Ne4 g3 60. d7 Nf4+ 61. Ke7 Nd5+ 62. Ke8 Nc7+ 63. Ke7 Nd5+ 64. Ke8 Nc7+ 65. Ke7 1/2-1/2